| 000 | 00696cam a2200217Ii 4500 | ||
|---|---|---|---|
| 001 | 52504522 | ||
| 003 | OCoLC | ||
| 005 | 20220406102052.0 | ||
| 008 | 030303s2002 flua 000 0 eng d | ||
| 020 | _a9780972469609 | ||
| 082 | _a741.6 GAR 2002 | ||
| 100 | 1 | _aGarcia, Mario R. | |
| 245 | 1 | 0 |
_aPure design : _b79 simple solutions for magazines, books, newspapers, and websites / _cMario Garcia. |
| 264 | 1 |
_aSt. Petersburg, Fla. : _bMiller Media, _c2002. |
|
| 300 |
_axiii, 210 pages : _billustrations (some color) ; _c23 cm |
||
| 650 | 0 |
_aPeriodicals _xDesign. |
|
| 650 | 0 | _aNewspaper layout and typography. | |
| 650 | 0 |
_aNewspapers _vIllustrations. |
|
| 655 | 7 | _aPictures. | |
| 942 |
_2ddc _cMAIN |
||
| 999 |
_c8924 _d8925 |
||